00367nam a2200145 a 450000500170000000800410001702000180005805000180007610000170009424500330011126000320014430000090017644000210018565000150020620140412111429.0090225s19uu xx 00 eng d a0-439-88776-3 aERbBe35 2007 aLee, Quinlan aBest friends /cQuinlan Lee. aU.S.A :bScholastic,c2007. aunp. aLittlest petshop aFriendship